000 00507ntaaa2200181 4500
003 01
005 20251027201856.0
008 0714s1973 ag 01
040 _aAR-BaBN
_bspa
_cAR-BaBN
_eaacr
_dRIC
082 _a230.1000 M78
100 _aMoore, Edward Caldwell
_917221
245 _aOutline of the history of Christian thought since Kant
250 _a1 ed. :
_bDuckworth,
_cc1912
300 _a249 p.
650 _aFilosofía de la religión
_91371
650 _aTeología Histórica
_92083
942 _cBK
999 _c13430
_d13430